| 000 | 00753nam a2200229Ii 4500 | ||
|---|---|---|---|
| 003 | JO-AjNU | ||
| 008 | 230605s9999||||xx |||||||||||||| ||und|| | ||
| 017 | _a2009/7/3246 | ||
| 020 | _a978-9957-07-718-1 | ||
| 040 |
_aJO-AjNU _bara _erda _cJO-AjNU |
||
| 041 | _aara | ||
| 050 | 1 | 4 | _aBF408.I83.2010 |
| 100 | 3 |
_aعيسى، حسن احمد, _eauthor _942913 |
|
| 245 | 0 | 0 | _aسيكولوجية الإبداع بين النظرية والتطبيق |
| 250 | _aط1 | ||
| 264 | 3 | 1 | _aعمان:دار الفكر ناشرون وموزعون ، 2010 |
| 300 | _a279ص | ||
| 336 |
_atext _btxt _2rdacontent |
||
| 337 |
_aunmediated _bn _2rdamedia |
||
| 338 |
_avolume _bnc _2rdacarrier |
||
| 650 | 4 |
_aالابداعية-التفكير الابداعي _942914 |
|
| 999 |
_aA18410 _c21978 _d21978 |
||